|
|
|
|
| LEADER |
01138nam a2200277 a 4500 |
| 001 |
7161 |
| 008 |
130630s1998 dcua b i000 0 eng d |
| 010 |
|
|
|a 98036250
|
| 020 |
|
|
|a 0821342908
|
| 040 |
|
|
|a DLC
|c DLC
|d DLC
|d BD-DhAAL
|
| 082 |
0 |
0 |
|a 332.1/532
|2 21
|
| 245 |
0 |
4 |
|a The World Bank's experience with post-conflict reconstruction /
|c Alcira Kreimer ... [et al.].
|
| 260 |
|
|
|a Washington, D.C. :
|b World Bank,
|c c1998.
|
| 300 |
|
|
|a xix, 96 p. :
|b ill. ;
|c 28 cm.
|
| 490 |
|
0 |
|a A world bank operations evaluations study. ISSN 1011-6984
|
| 500 |
|
|
|a At head of title: World Bank Operations Evaluation Department, OED.
|
| 500 |
|
|
|a "ISSN 1011-6984"--Verso t.p.
|
| 504 |
|
|
|a Includes bibliographical references (p. 53-55).
|
| 541 |
|
|
|e 7161
|
| 610 |
2 |
0 |
|a World Bank.
|
| 650 |
|
0 |
|a Economic assistance
|x Evaluation.
|
| 700 |
1 |
|
|a Kreimer, Alcira.
|
| 710 |
2 |
|
|a World Bank.
|b Operations Evaluation Department.
|
| 852 |
1 |
|
|a Ayesha Abed Library
|j General shelf.
|
| 999 |
|
|
|c 13643
|d 13643
|
| 952 |
|
|
|0 0
|1 0
|4 0
|6 332_153200000000000_WOR
|7 0
|9 22839
|a BRACUL
|b BRACUL
|c GEN
|d 2013-06-30
|l 1
|m 1
|o 332.1532 WOR
|p 3010007161
|r 2016-09-07
|s 2016-08-28
|t 1
|w 2013-06-30
|y BK
|